000 00620cam a22002053a 4500
001 44337
003 PGUSA
005 20140828084019.0
008 131202s2013||||xxu|||||s|||||000 | eng d
040 _aPGUSA
_beng
042 _adc
100 1 _aSimms, William Gilmore,
_d1806-1870
245 1 4 _aThe Lily and the Totem ;
_bor, The Huguenots in Florida
_h[electronic resource] /
_cWilliam Gilmore Simms
260 _bProject Gutenberg,
_c2013
506 _aPublic domain in the USA.
516 _aElectronic text
830 0 _aProject Gutenberg
_v44337
856 4 0 _uhttp://www.gutenberg.org/ebooks/44337
942 _cEB
999 _c273588
_d273588